00497nam a22001577a 4500020000800000040001600008082001500024100002800039245006100067250001900128260002200147300004200169942001200211999001900223952009700242 qHB. cFIZZA ISHAQ a519.2bHOG a Hogg, Robert V.982542 aProbability and Statistical Inference /cRobert V. Hogg. a2, illustrated bMacmillan,c1983. a533 P. ;c‎ 8.3 x 1.1 x 10.1 inches 2ddccBK c616815d616815 00102ddc4070aNQCbNQCcGENd2026-04-02l0o519.2 HOGpQD-128r2026-04-02w2026-04-02yBK